বাহা'উল্লাহর জ্যোতি/ (Record no. 17993)
[ view plain ]
| 000 -LEADER | |
|---|---|
| fixed length control field | 00941nam a22002177a 4500 |
| 003 - CONTROL NUMBER IDENTIFIER | |
| control field | BDDh-ASL |
| 005 - DATE AND TIME OF LATEST TRANSACTION | |
| control field | 20231015025652.0 |
| 008 - FIXED-LENGTH DATA ELEMENTS--GENERAL INFORMATION | |
| fixed length control field | 200916b0000 ||||| |||| 00| 0 d |
| 040 ## - CATALOGING SOURCE | |
| Original cataloging agency | BDDh-ASL |
| Transcribing agency | BDDh-ASL |
| Modifying agency | BDDh-ASL |
| 041 ## - LANGUAGE CODE | |
| Language code of text/sound track or separate title | bengali |
| 082 ## - DEWEY DECIMAL CLASSIFICATION NUMBER | |
| Classification number | 297.09 |
| Item number | BHA |
| 100 ## - MAIN ENTRY--PERSONAL NAME | |
| 9 (RLIN) | 831 |
| Personal name | এলেন, ড্যুয়িট ডাবলিউ |
| 245 ## - TITLE STATEMENT | |
| Title | বাহা'উল্লাহর জ্যোতি/ |
| Statement of responsibility, etc. | ইমান উদ্দিন (অনু.)। |
| 246 ## - VARYING FORM OF TITLE | |
| Title proper/short title | Bahaullahar Jotti |
| 260 ## - PUBLICATION, DISTRIBUTION, ETC. | |
| Place of publication, distribution, etc. | ঢাকা: |
| Name of publisher, distributor, etc. | নাগরিক আধ্যাত্মিক সমাবেশ, |
| 300 ## - PHYSICAL DESCRIPTION | |
| Extent | ২০০ পৃষ্ঠা: |
| Dimensions | ২২ সে. মি.। |
| 504 ## - BIBLIOGRAPHY, ETC. NOTE | |
| Bibliography, etc. note | গ্রন্থপঞ্জি সংযুক্ত। |
| 650 #0 - SUBJECT ADDED ENTRY--TOPICAL TERM | |
| 9 (RLIN) | 832 |
| Topical term or geographic name entry element | ইসলামিক সমাজ ব্যবস্থা |
| General subdivision | বাহা'ই ইতিহাস |
| 700 #0 - ADDED ENTRY--PERSONAL NAME | |
| 9 (RLIN) | 830 |
| Personal name | উদ্দীন, ইমান |
| 942 ## - ADDED ENTRY ELEMENTS (KOHA) | |
| Source of classification or shelving scheme | Dewey Decimal Classification |
| Koha item type | Books |
| Withdrawn status | Lost status | Source of classification or shelving scheme | Damaged status | Not for loan | Collection code | Home library | Current library | Shelving location | Date acquired | Source of acquisition | Total Checkouts | Full call number | Barcode | Date last seen | Copy number | Price effective from | Koha item type |
|---|---|---|---|---|---|---|---|---|---|---|---|---|---|---|---|---|---|
| Dewey Decimal Classification | Damaged | Not For Loan | Non-fiction | Asiatic Society Library | Asiatic Society Library | General Stacks | 09/16/2020 | Complementary | 297.09 BHA | 101135 | 09/16/2020 | C-1 | 09/16/2020 | Books |